| 000 | 00932nam a2200265 a 4500 | ||
|---|---|---|---|
| 001 | 000025964 | ||
| 005 | 20200930024204.0 | ||
| 008 | 110217s1998 mx ab r 000 | spa d | ||
| 020 | _a8420518778 | ||
| 040 |
_aDO-SdBNP _bspa _cBNPHU |
||
| 082 |
_a302.2 _bM764c, 1998 |
||
| 100 | 1 |
_aMontaner, Pedro, _952850 |
|
| 245 | 1 | 0 |
_a¿Cómo nos comunicamos? : _bdel gesto a la telemática / _cPedro Montaner, Rafael Moyano. |
| 250 | _a2a ed. | ||
| 260 |
_aMéxico : _bAddison Wesley, _c1998. |
||
| 300 |
_a126 p. : _bil. ; _c23 cm. |
||
| 490 | 0 | _aBiblioteca de Recursos Didácticos BREDA | |
| 500 | _a2a. reimpr. noviembre 1996. | ||
| 500 | _aLa biblioteca posee la 2a. reimpresión del 1996. | ||
| 650 | 4 |
_aComunicación _xAspectos sociales _91659 |
|
| 650 | 4 |
_aLenguaje y lenguas _9407 |
|
| 650 | 4 |
_aComunicación hombre _xAnimal _952851 |
|
| 700 | 1 |
_aMoyano, Rafael _952852 |
|
| 830 | 0 |
_aBiblioteca de Recursos Didácticos BREDA _952853 |
|
| 999 |
_c25456 _d25456 |
||